Cálculo diferencial e integral.

שמור ב:
מידע ביבליוגרפי
מחבר ראשי: Purcell, Edwin J. (autor)
מחברים אחרים: Varber, Dale (autor), Rigdon, Steven E. (autor)
פורמט: לא ידוע
יצא לאור: Ciudad de México, México: Pearson Educación, 2007.
מהדורה:Novena edición.
נושאים:
תגים: הוספת תג
אין תגיות, היה/י הראשונ/ה לתייג את הרשומה!

MARC

LEADER 00000 a2200000 4500
003 CL-VaPUC
005 20241126092004.0
008 241022t2007 ||||| |||| 00| 0 eng d
999 |c 444595  |d 444593 
020 |a 9789702609896 
040 |c Pontificia Universidad Católica de Valparaíso 
082 7 |a 515.33 PUR 2007  |2 22 
100 |a Purcell, Edwin J.   |9 891019  |e autor 
245 |a Cálculo diferencial e integral.  
250 |a Novena edición. 
260 |a Ciudad de México, México:  |b Pearson Educación,  |c 2007. 
300 |a 447 páginas. 
583 |k GC  |c 20241022 
650 |a Derivada  |x Cálculo  |x Aplicaciones   |9 892594 
650 |a Integral definida   |x Cálculo  |x Aplicaciones   |9 892595 
650 |a Cálculo diferencial   |9 260102 
650 |a Cálculo integral  |9 260103 
700 |a Varber, Dale   |e autor  |9 892596 
700 |a Rigdon, Steven E.  |e autor  |9 892597 
942 |2 ddc  |c BK 
952 |0 0  |1 0  |2 ddc  |4 0  |6 515_330000000000000_PUR_2007  |7 0  |8 A  |9 597439  |a BIBMAT  |b BIBMAT  |d 2024-10-22  |e 3  |g 52118.00  |i 5663054  |o 515.33 PUR 2007  |p 5663054  |r 2025-01-07  |t 1  |v 52118.00  |w 2024-10-22  |y BK  |k MAT